Mystery Movie Monologue #7 - Statistics

General Stats
  • This quiz has been taken 464 times
  • The average score is 127 of 292
Answer Stats
Answer % Correct
I
98%
I...
98%
I'm
98%
a
96%
the
93%
you
91%
you.
91%
You
91%
you?
91%
you,
91%
you're
91%
You're
91%
when
81%
'Twas
79%
who
79%
Who
79%
Do
77%
do
77%
He
77%
he
77%
He's
77%
me
76%
to
76%
and
75%
on
75%
it,
71%
it...
71%
it
71%
It
71%
it.
71%
it's
71%
It's
71%
what
71%
what's
71%
Where
71%
is?
70%
is,
70%
not
66%
in
62%
Know
62%
that.
62%
That
62%
That's
62%
that's
62%
They
62%
they've
62%
one.
59%
One
59%
can
56%
were
56%
have
53%
of
53%
so,
53%
so
53%
was
53%
my
51%
there
51%
There
51%
him
50%
your
50%
YOUR...
50%
if
49%
See,
43%
see?
43%
his
41%
like
41%
couldn't...
37%
thing
37%
at
36%
had.
36%
from
35%
told
34%
did
33%
just
31%
Just
31%
about
30%
day.
30%
get
29%
has
29%
knew
29%
out
29%
Because
28%
Here,
28%
up
28%
up!
28%
should
27%
take
27%
every
26%
now.
26%
Now
26%
been
23%
Nothing
23%
Those
21%
Yes,
20%
gone.
19%
boy.
17%
chosen
17%
chosen.
17%
put
17%
understand,
16%
understand?
16%
more
15%
beat
14%
course,
14%
everything
14%
point.
14%
brother,
13%
brother
13%
funny
12%
Stop
12%
found
11%
hand.
11%
little
11%
lose...
11%
sorry.
11%
ten
11%
Three
11%
five
10%
own
10%
around
9%
fool...
9%
blood
8%
called
8%
drink
8%
DRINK...
8%
land.
8%
land
8%
Listen,
8%
listen,
8%
listen.
8%
room,
8%
smart
8%
Watch
8%
week.
8%
acro...
7%
ass.
7%
broke
7%
crying,
7%
dry.
7%
Eli.
7%
Eli?
7%
Eli...
7%
Eli,
7%
ground.
7%
Lamb
7%
milkshake,
7%
milkshake.
7%
MILKSHAKE!
7%
oooo...
7%
oss
7%
poor
7%
reaches
7%
thousand
7%
water.
7%
afterbirth,
6%
areas,
6%
Bandy's
6%
business.
6%
cash
6%
company
6%
dollars
6%
drainage,
6%
Drainage!
6%
Drainage,
6%
Drained
6%
drilled...
6%
filth...
6%
glass
6%
jar
6%
mantlepiece.
6%
mother's
6%
nonsense.
6%
nursing
6%
paid
6%
Paul
6%
producing,
6%
prophet.
6%
Prosperous
6%
slithered
6%
snivelling
6%
sows?
6%
starts
6%
straw.
6%
straw,
6%
straw
6%
suckling
6%
teat?
6%
tract...
6%
underneath
6%
wells
6%
No matching quizzes found
Score Distribution
Percent of People with Each Score
Percentile by Number Answered
Your Score History
You have not taken this quiz